000 00744 a2200253 4500
001 86216
003 NUST
005 20210215165107.0
008 170620b xxu||||| |||| 00| 0 eng d
038 _aA
040 _cNUST
082 _a891.4398
_bWAS
100 _aWasif Ali Wasif
_92946
245 _aGuftagoo-10
_cWasif Ali Wasif
260 _aLahore:
_bKashif Publications
_c2002
300 _a266p.
500 _aGeneral Collection
546 _aIn urdu
650 _aUrdu Literature
_9347
880 _6100-01\(3\r
_aواصف علی واصف
880 _6245-02\(3\r
_aگفتگو ـ10
_cواصف علی واصف
880 _6260-03\(3\r
_aلاہور :
_bکاشف پبلی کیشنز،
_c2002
942 _aNUST
_cBK
_k891.4398 WAS
_2ddc
999 _c330675
_d330675